LEADER 00813nam0 22002291i 450 001 UON00134931 005 20231205102816.508 100 $a20020107d1965 |0itac50 ba 101 $atam 102 $aIN 105 $a|||| 1|||| 200 1 $aAcai mukam$fPoovai Amudan 210 $a[s. l.]$c[s. n.]$d1965 215 $a159 p.$d18 cm 686 $aSI VI LCX$cSUBCONT. INDIANO - LETTERATURA TAMIL - PERIODO MODERNO - TESTI$2A 700 1$aAMUDAN$bPoovai$3UONV082036$00 801 $aIT$bSOL$c20240220$gRICA 899 $aSIBA - SISTEMA BIBLIOTECARIO DI ATENEO$2UONSI 912 $aUON00134931 950 $aSIBA - SISTEMA BIBLIOTECARIO DI ATENEO$dSI SI VI LCX 251 $eSI SA 58704 5 251 996 $aAcai mukam$91314385 997 $aUNIOR